书目信息 |
| 题名: |
碳纤维增强铝基复合材料金属z-pin层间强化技术
|
|
| 作者: | 张云鹤 著 | |
| 分册: | ||
| 出版信息: | 北京 科学出版社 2018.11 |
|
| 页数: | 150页 | |
| 开本: | 24cm | |
| 丛书名: | ||
| 单 册: | ||
| 中图分类: | TB332 | |
| 科图分类: | ||
| 主题词: | 碳纤维增强复合材料--铝基复合材料--研究 | |
| 电子资源: | ||
| ISBN: | 978-7-03-056059-9 | |
| 000 | 01123nam0 2200265 450 | |
| 001 | 0100010691 | |
| 005 | 20190905093951.0 | |
| 010 | @a978-7-03-056059-9@dCNY99.00 | |
| 100 | @a20190903d2018 em y0chiy50 ea | |
| 101 | 0 | @achi |
| 102 | @aCN@b110000 | |
| 105 | @aak a 000yy | |
| 106 | @ar | |
| 200 | 1 | @a碳纤维增强铝基复合材料金属z-pin层间强化技术@Atan xian wei zeng qiang lu^ ji fu he cai liao jin shu z-pin ceng jian qiang hua ji shu@f张云鹤著 |
| 210 | @a北京@c科学出版社@d2018.11 | |
| 215 | @a150页@c图@d24cm | |
| 312 | @a英文题名取自封面 | |
| 320 | @a有书目 (第144-150页) | |
| 330 | @a本书系统地阐述了碳纤维增强铝基 (Cf/Al) 复合材料的金属z-pin层间强化技术的相关理论及应用等最新的研究成果。主要内容包括: Cf/Al复合材料及其z-pin层间强化技术的国内外研究现状, 金属z-pin增强Cf/Al复合材料制备及试验方法等。 | |
| 510 | 1 | @aInterlaminar strengthening technology by metal Z-pin of carbon fiber reinforced al-matrix composites@zeng |
| 606 | 0 | @a碳纤维增强复合材料@x铝基复合材料@x研究 |
| 690 | @aTB332@v5 | |
| 701 | 0 | @a张云鹤@Azhang yun he@4著 |
| 801 | 0 | @aCN@c20190905 |
| 905 | @a河南城建学院图书馆@dTB332@eZ232 | |
| 碳纤维增强铝基复合材料金属z-pin层间强化技术/张云鹤著.-北京:科学出版社,2018.11 |
| 150页:图;24cm |
| ISBN 978-7-03-056059-9:CNY99.00 |
| 本书系统地阐述了碳纤维增强铝基 (Cf/Al) 复合材料的金属z-pin层间强化技术的相关理论及应用等最新的研究成果。主要内容包括: Cf/Al复合材料及其z-pin层间强化技术的国内外研究现状, 金属z-pin增强Cf/Al复合材料制备及试验方法等。 |
| ● |
| 相关链接 |
|
|
|
正题名:碳纤维增强铝基复合材料金属z-pin层间强化
索取号:TB332/Z232
 
预约/预借
| 序号 | 登录号 | 条形码 | 馆藏地/架位号 | 状态 | 备注 |
| 1 | 1438685 | 214386859 | 自科库501/501自科库 13排3列4层/ [索取号:TB332/Z232] | 在馆 | |
| 2 | 1438686 | 214386868 | 期刊室512/501自科库 13排4列1层/ [索取号:TB332/Z232] | 在馆 |